Radical political economy : (Record no. 66441)

MARC details
000 -LEADER
fixed length control field 00455nam a22001457a 4500
005 - DATE AND TIME OF LATEST TRANSACTION
control field 20180801132516.0
020 ## - INTERNATIONAL STANDARD BOOK NUMBER
International Standard Book Number 8120325729
Terms of availability 95.00
035 ## - SYSTEM CONTROL NUMBER
System control number B-127283, B-127285
037 ## - SOURCE OF ACQUISITION
Stock number DPL
Source of stock number/acquisition ENG
100 ## - MAIN ENTRY--PERSONAL NAME
Personal name Barone, Charles A.
245 ## - TITLE STATEMENT
Title Radical political economy :
Remainder of title A concise introduction /
Statement of responsibility, etc by Charles A. Barone
260 ## - PUBLICATION, DISTRIBUTION, ETC. (IMPRINT)
Place of publication, distribution, etc New Delhi
Name of publisher, distributor, etc Prentice-Hall of India
Date of publication, distribution, etc 2004
300 ## - PHYSICAL DESCRIPTION
Extent ix, 177p.
Dimensions 18 cms.
942 ## - ADDED ENTRY ELEMENTS (KOHA)
Source of classification or shelving scheme Dewey Decimal Classification
Item type English Books
Classification part 335.437
Call number suffix BAR
Holdings
Withdrawn status Lost status Not for loan Collection code Home library Current library Date acquired Cost, normal purchase price Full call number Barcode Cost, replacement price Koha item type Source of acquisition
      Non-fiction Sarojini Nagar Sarojini Nagar 10/05/2012 95.00 335.437 BAR B-127283 95.00 English Books  
      Non-fiction Shahdara Branch Shahdara Branch 01/08/2018 95.00 335.437 BAR B-127285 95.00 English Books BPPD/PUB

© Delhi Public Library
Hit Counter
free hit counter